000 00237nam a2200097Ia 4500
082 _aEF MICH
245 0 _aExpiry date
100 _a MICHIE, David London, 2003
_993895
942 _cBK
008 210817s9999 xx 000 0 und d
999 _c383980
_d383979